000 00729nam a22002411 4500
008
090 _aTA460
100 1 _aLubahn, J. D.
245 1 0 _aPlasticity and creep of metals /
_cby J. D. Lubahn [and] R. P. Felgar.
260 _aNew York :
_bWiley,
_c[1961].
300 _axvi, 608p. :
_bill. ;
_c24cm.
440 0 _aWiley series on the science and technology of materials.
504 _aIncludes bibliographical references.
650 0 _aDeformations (Mechanics)
650 0 _aMetals.
700 1 _aFelgar, Robert P.
907 _a.b10168746
_b26-07-05
_c20-07-05
003
005 20230123134036.0
040 _cNUST
049 _aMAIN
942 _cBOOKS
_kTA460
999 _c159015
_d159015